Volleyball MVP Awards - Statistics

General Stats
  • This quiz has been taken 163 times
    33 since last reset
  • The average score is 8 of 45
Answer Stats
Tournament Year Country Player % Correct
Olympics 2020 France Earvin N'Gapeth
77%
Olympics 2024 France Earvin N'Gapeth
77%
EuroVolley 2023 Poland Wilfredo León Venero
73%
EuroVolley 2021 Italy Simone Giannelli
62%
World Championship 2022 Italy Simone Giannelli
62%
World Championship 2018 Poland Bartosz Kurek
50%
Olympics 2004 Brazil Giba
42%
World Championship 2006 Brazil Giba
42%
World Championship 2025 Italy Alessandro Michieletto
31%
World Championship 2014 Poland Mariusz Wlazły
31%
World Championship 1982 Soviet Union Vyacheslav Zaytsev
27%
EuroVolley 1985 Soviet Union Vyacheslav Zaytsev
27%
Olympics 2008 United States Clayton Stanley
23%
EuroVolley 1993 Italy Andrea Giani
19%
EuroVolley 1999 Italy Andrea Giani
19%
Olympics 1988 United States Karch Kiraly
19%
EuroVolley 2009 Poland Piotr Gruszka
19%
EuroVolley 2019 Serbia Uroš Kovačević
19%
EuroVolley 2013 Russia Dmitry Muserskiy
15%
EuroVolley 2015 France Antonin Rouzier
12%
EuroVolley 2017 Russia Maxim Mikhaylov
12%
World Championship 2010 Brazil Murilo Endres
12%
Olympics 2012 Brazil Murilo Endres
12%
World Championship 1990 Italy Andrea Lucchetta
8%
EuroVolley 2003 Italy Andrea Sartoretti
4%
EuroVolley 1989 Sweden Bengt Gustafsson
4%
EuroVolley 1983 Italy Franco Bertoli
4%
EuroVolley 2001 Yugoslavia Ivan Miljković
4%
EuroVolley 2011 Serbia Ivan Miljković
4%
World Championship 1994 Italy Lorenzo Bernardi
4%
EuroVolley 1995 Italy Lorenzo Bernardi
4%
Olympics 2016 Brazil Sérgio Santos
4%
Olympics 1984 United States Steve Timmons
4%
EuroVolley 1979 Soviet Union Vladimir Kondra
4%
EuroVolley 2005 Italy Alberto Cisolla
0%
Olympics 1996 Netherlands Bas van de Goor
0%
Olympics 2000 Netherlands Bas van de Goor
0%
EuroVolley 1991 Soviet Union Dmitry Fomin
0%
EuroVolley 1997 Netherlands Guido Görtzen
0%
Olympics 1992 Brazil Marcelo Negrão
0%
World Championship 2002 Argentina Marcos Milinkovic
0%
World Championship 1986 France Philippe Blain
0%
EuroVolley 1987 France Philippe Blain
0%
World Championship 1998 Spain Rafael Pascual
0%
EuroVolley 2007 Russia Semyon Poltavskiy
0%
No matching quizzes found
Score Distribution
Percent of People with Each Score
Percentile by Number Answered
Your Score History
You have not taken this quiz since the last reset